Central Library OPAC University of Rajshahi

Copyright law in Bangladesh / (Record no. 716)

MARC details
000 -LEADER
fixed length control field 00850cam a2200277 4500
001 - CONTROL NUMBER
control field 716
003 - CONTROL NUMBER IDENTIFIER
rucl marc code BD-RjUL
005 - DATE AND TIME OF LATEST TRANSACTION
control field 20211208233224.0
008 - FIXED-LENGTH DATA ELEMENTS--GENERAL INFORMATION
fixed length control field 161204s1979 bg b 001 0 eng
035 ## - SYSTEM CONTROL NUMBER
System control number (BD-RjUL)736
040 ## - CATALOGING SOURCE
Original cataloging agency DLC
Transcribing agency DLC
Modifying agency DLC
-- BD-RjUL
Language of cataloging eng
041 ## - LANGUAGE CODE
Language code of text/sound track or separate title eng
082 00 - DEWEY DECIMAL CLASSIFICATION NUMBER
Classification number 346.04825492
Edition number 23
Author mark and year SHC 1979
100 1# - MAIN ENTRY--PERSONAL NAME
Personal name Shamsur Rahman,
Dates associated with a name 1921-
9 (RLIN) 2137
245 10 - TITLE STATEMENT
Title Copyright law in Bangladesh /
Statement of responsibility, etc. Ghazi Shamsur Rahman.
260 ## - PUBLICATION, DISTRIBUTION, ETC. (IMPRINT)
Place of publication, distribution, etc. Dacca :
Name of publisher, distributor, etc. National Book Centre, Bangladesh,
Date of publication, distribution, etc. 1979.
300 ## - PHYSICAL DESCRIPTION
Pagination xiii, 197 p. ;
Size 22 cm.
500 ## - GENERAL NOTE
General note Appendices in English or Bengali.
General note "Granthakārera anyānya bai": p. viii.
General note Tk30.00 ($2.00 U.S.)
504 ## - BIBLIOGRAPHY, ETC. NOTE
Bibliography, etc Bibliography: p. 187-191.
Bibliography, etc Includes index.
650 #0 - SUBJECT ADDED ENTRY--TOPICAL TERM
Topical term or geographic name as entry element Copyright
Geographic subdivision Bangladesh.
9 (RLIN) 2138
942 ## - ADDED ENTRY ELEMENTS (KOHA)
Source of classification or shelving scheme Dewey Decimal Classification
Koha item type Books
Holdings
Lost status Source of classification or shelving scheme Damaged status Not for loan Collection code Permanent Location Current Location Shelving location Date acquired Source of acquisition Cost, normal purchase price Total Checkouts Full call number Date last seen Copy number Koha item type
  Dewey Decimal Classification     Non-fiction Central Library, University of Rajshahi Central Library, University of Rajshahi   19/03/1980 Neamal Book 30.00   346.04825492 SHC 1979 23/11/2013 C-2 Books
  Dewey Decimal Classification   Not For Loan Non-fiction Central Library, University of Rajshahi Central Library, University of Rajshahi Reading Room 19/03/1980 Zeitlinger     346.04825492 SHC 1979 03/12/2016 C-1 Books